000 00443nam a2200181Ia 4500
001 8456
005 20260306160610.0
008 260306t2011||||xx |||||||||||||| ||spa||
041 _aESP
082 _a371.092
_bZ25
100 _aZambrano Leal, Armando
_eAUT
245 0 _aPhilippe Meirieu:
_bpedagogía y aprendizajes
260 _c2011
300 _a184 páginas :
_c28 cm.
650 _aGEN
654 _aCED
942 _cLIB
_dJUS
_fJUS
_2ddc
_n
999 _c8456
_d8456